| 000 | 00498cam a22001577a 4500 | ||
|---|---|---|---|
| 008 | 180718b1989 xxu||||| |||| 00| 0 eng d | ||
| 082 | _aB3 In8b | ||
| 100 | _aPaul, Samuel | ||
| 245 |
_aBuilding capability for policy analysis _cBy Samuel Paul, David Steedman and Francis X. Sutton |
||
| 260 |
_aWashington, D.C. _bIBRD _c1989 |
||
| 300 | _a149p. | ||
| 440 | _aPolicy, Planning and Research: Working Papers | ||
| 650 | _aPublic Policy | ||
| 700 | _aSutton, Francis X. | ||
| 700 | _aSteedman, David | ||
| 999 |
_c225346 _d225346 |
||